MyGZULibrary

Gender and poverty in the North / (Record no. 11741)

MARC details
000 -LEADER
fixed length control field 01494cam a2200457 a 4500
001 - CONTROL NUMBER
control field 243551
003 - CONTROL NUMBER IDENTIFIER
control field GZU
005 - DATE AND TIME OF LATEST TRANSACTION
control field 20260323071215.0
008 - FIXED-LENGTH DATA ELEMENTS--GENERAL INFORMATION
fixed length control field 990616s1997 enka b 000 0 eng d
010 ## - LIBRARY OF CONGRESS CONTROL NUMBER
LC control number 99217005
020 ## - INTERNATIONAL STANDARD BOOK NUMBER
International Standard Book Number 0855983930
020 ## - INTERNATIONAL STANDARD BOOK NUMBER
International Standard Book Number 9780855983932
022 ## - INTERNATIONAL STANDARD SERIAL NUMBER
International Standard Serial Number .
035 ## - SYSTEM CONTROL NUMBER
System control number 243551
035 ## - SYSTEM CONTROL NUMBER
System control number (DLC) 99217005
035 ## - SYSTEM CONTROL NUMBER
System control number (OCoLC)40282845
040 ## - CATALOGING SOURCE
Original cataloging agency MBB
Transcribing agency MBB
Modifying agency GZULib
Language of cataloging eng
Description conventions rda
042 ## - AUTHENTICATION CODE
Authentication code lccopycat
043 ## - GEOGRAPHIC AREA CODE
Geographic area code e-uk---
050 00 - LIBRARY OF CONGRESS CALL NUMBER
Classification number HV1448.
Item number GEN 1997
050 00 - LIBRARY OF CONGRESS CALL NUMBER
Classification number HQ1587
Item number SWE 1997
245 00 - TITLE STATEMENT
Title Gender and poverty in the North /
Statement of responsibility, etc. edited by Caroline Sweetman.
260 ## - PUBLICATION, DISTRIBUTION, ETC.
Place of publication, distribution, etc. Oxford [England] :
Name of publisher, distributor, etc. Oxfam,
Date of publication, distribution, etc. c1997.
300 ## - PHYSICAL DESCRIPTION
Extent 72 pages :
Other physical details illustrations ;
Dimensions 25 cm.
336 ## - CONTENT TYPE
Content type term text
Content type code txt
Source rdacontent
337 ## - MEDIA TYPE
Media type term unmediated
Media type code n
Source rdamedia
338 ## - CARRIER TYPE
Carrier type term volume
Carrier type code nc
Source rdacarrier
440 #0 - SERIES STATEMENT/ADDED ENTRY--TITLE
Title Oxfam focus on gender
500 ## - GENERAL NOTE
General note Cover title.
504 ## - BIBLIOGRAPHY, ETC. NOTE
Bibliography, etc. note Includes bibliographical references.
505 ## - FORMATTED CONTENTS NOTE
Formatted contents note .
520 ## - SUMMARY, ETC.
Summary, etc. .
650 #0 - SUBJECT ADDED ENTRY--TOPICAL TERM
Topical term or geographic name entry element Poor women
Geographic subdivision Great Britain
General subdivision Social conditions.
650 #0 - SUBJECT ADDED ENTRY--TOPICAL TERM
Topical term or geographic name entry element Poor women
Geographic subdivision Great Britain
General subdivision Economic conditions.
651 #0 - SUBJECT ADDED ENTRY--GEOGRAPHIC NAME
Geographic name Great Britain
General subdivision Social conditions
Chronological subdivision 20th century.
700 1# - ADDED ENTRY--PERSONAL NAME
Personal name Sweetman, Caroline.
Relator term editor
710 2# - ADDED ENTRY--CORPORATE NAME
Corporate name or jurisdiction name as entry element Oxfam.
856 42 - ELECTRONIC LOCATION AND ACCESS
Materials specified Publisher description
Uniform Resource Identifier <a href="http://www.loc.gov/catdir/enhancements/fy1411/99217005-d.html">http://www.loc.gov/catdir/enhancements/fy1411/99217005-d.html</a>
856 42 - ELECTRONIC LOCATION AND ACCESS
Materials specified Contributor biographical information
Uniform Resource Identifier <a href="http://www.loc.gov/catdir/enhancements/fy1411/99217005-b.html">http://www.loc.gov/catdir/enhancements/fy1411/99217005-b.html</a>
942 ## - ADDED ENTRY ELEMENTS (KOHA)
Source of classification or shelving scheme Library of Congress Classification
Koha item type Books
Classification part 1587
Item part SWE
Call number prefix HQ
Holdings
Withdrawn status Lost status Source of classification or shelving scheme Damaged status Not for loan Collection code Home library Current library Shelving location Date acquired Total Checkouts Full call number Barcode Date last seen Copy number Price effective from Koha item type
    Library of Congress Classification     Non-fiction Gender Resource Centre Gender Resource Centre General Stacks 03/23/2026   HQ1587 SWE 1997 000604 03/23/2026 c. 1 03/23/2026 Books
    Library of Congress Classification     Non-fiction Gender Resource Centre Gender Resource Centre General Stacks 03/23/2026   HQ1587 SWE 1997 000609 03/23/2026 c. 2 03/23/2026 Books